Giovanni Cariani (Record n. 91261)

Dettagli MARC
000 -LEADER
fixed length control field 01249nam a2200301Ia 4500
001 - CONTROL NUMBER
control field H8992
003 - CONTROL NUMBER IDENTIFIER
control field IT-RoPAU
008 - FIXED-LENGTH DATA ELEMENTS--GENERAL INFORMATION
fixed length control field 130308s9999 xx 000 0 und d
040 ## - CATALOGING SOURCE
Original cataloging agency IT-RoPAU
040 ## - CATALOGING SOURCE
Transcribing agency IT-RoPAU
041 ## - LANGUAGE CODE
Language code of text/sound track or separate title ITALIANO
100 ## - MAIN ENTRY--PERSONAL NAME
Personal name Pallucchini Rodolfo
100 ## - MAIN ENTRY--PERSONAL NAME
Miscellaneous information Codice Aut. SPICS: 2937
245 ## - TITLE STATEMENT
Title Giovanni Cariani
245 ## - TITLE STATEMENT
Remainder of title Giovanni Cariani
250 ## - EDITION STATEMENT
Edition statement 1a ed.
260 ## - PUBLICATION, DISTRIBUTION, ETC. (IMPRINT)
Name of publisher, distributor, etc. Silvana Editoriale D'Arte
260 ## - PUBLICATION, DISTRIBUTION, ETC. (IMPRINT)
Date of publication, distribution, etc. 1983 [1° Ed.:1983 - Ed.Ling.Originale:1983]
300 ## - PHYSICAL DESCRIPTION
Extent "400 p. (prefazione: no ; testo: 400 [pagine: 0-0])"
500 ## - GENERAL NOTE
General note "Introduzione al Problema Cariani. Cariani e suo Tempo; Venezia e Bergamo Agli inizi del Cinquecento; pittori Bergamaschi a Venezia. vicende biografiche del Cariani. inizi del Cariani a Venezia. Soggiorno bergamasco del Cariani (1517 1523). ritorno di Cariani a Venezia. Regesti a cura di E. De Pascale. Catalogo Generale Opere a cura di F. Rossi: Dipinti Autografi; Disegni;Dipinti Attribuiti; Dipinti Vari; Dipinti Dispersi o Non Riconosciuti. Bibliografia."
650 ## - SUBJECT ADDED ENTRY--TOPICAL TERM
Topical term or geographic name as entry element AUTORI/OPERE DI PITTURA
650 ## - SUBJECT ADDED ENTRY--TOPICAL TERM
Relator term Codice materia Spics: 5207
700 ## - ADDED ENTRY--PERSONAL NAME
Personal name Rossi Francesco
700 ## - ADDED ENTRY--PERSONAL NAME
Miscellaneous information Codice Aut. SPICS: 59581
942 ## - ADDED ENTRY ELEMENTS (KOHA)
Koha item type LIBRO
957 ## -
-- 1
999 ## - SYSTEM CONTROL NUMBERS (KOHA)
-- 1
Dati di copia
Withdrawn status Lost status Damaged status Not for loan Home library Current library Date acquired Total Checkouts Full call number Date last seen Price effective from Koha item type Public note
    Buone Condizioni Not For Loan SPICS-MEDIATECA SPICS-MEDIATECA 08/03/2013   H8992 08/03/2013 08/03/2013 LIBRO Progressivo inserimento: 24202 / N. Volumi: 1 Copie: 1 / data import: 1 marzo 2013 - By Epidotti, Trombetti, Vaglietti.
CREDITS: SOCIETA' SAN PAOLO Via A.Severo, 58 - ROMA (RM) & PERIODICI SAN PAOLO SRL Via Giotto, 36 MILANO & CISF Via Giotto, 36 MILANO & EDIZIONI SAN PAOLO SRL,  Piazza Soncino, 5 CINISELLO BALSAMO (MI) -- ITALY